| 000 | 00405nam a22001577a 4500 | ||
|---|---|---|---|
| 020 | _a9788189422707 | ||
| 082 |
_a631.4 _bPAT/SO |
||
| 100 | _aPatiram | ||
| 245 | _aSoil testing and analysis: plant, water and pesticide residues | ||
| 260 |
_aNew Delhi _bNew India Publishing Agency _c2007 |
||
| 300 | _a220 p | ||
| 700 | _aBrajendra | ||
| 700 | _aAzad Thakur, N.S | ||
| 700 | _aRamesh, T | ||
| 942 | _cBK | ||
| 999 |
_c13788 _d13788 |
||